LIBRARY & INFORMATION CENTRE, KCAET, TAVANUR

ONLINE PUBLIC ACCESS CATALOGUE (OPAC)

Principles of Metal Casting (Record no. 19339)

MARC details
000 -LEADER
fixed length control field 00459nam a22001697a 4500
003 - CONTROL NUMBER IDENTIFIER
control field OSt
008 - FIXED-LENGTH DATA ELEMENTS--GENERAL INFORMATION
fixed length control field 250207b |||||||| |||| 00| 0 eng d
041 ## - LANGUAGE CODE
Language code of text/sound track or separate title eng
082 ## - DEWEY DECIMAL CLASSIFICATION NUMBER
Classification number 671.25
Item number HEI/PR
100 ## - MAIN ENTRY--AUTHOR NAME
Personal name Heine, Richard W
245 ## - TITLE STATEMENT
Title Principles of Metal Casting
250 ## - EDITION STATEMENT
Edition statement 13th Reprint
260 ## - PUBLICATION, DISTRIBUTION, ETC. (IMPRINT)
Place of publication New Delhi:
Name of publisher Tata McGraw Hill Publishing Co Ltd,
Year of publication 1991.
300 ## - PHYSICAL DESCRIPTION
Number of Pages 736p.
700 ## - ADDED ENTRY--PERSONAL NAME
Personal name Loper, Carl R and Rosenthal, Philip C
942 ## - ADDED ENTRY ELEMENTS (KOHA)
Koha item type Books
Holdings
Withdrawn status Lost status Damaged status Home library Current library Date acquired Source of acquisition Cost, normal purchase price Full call number Accession Number Koha item type
      KAUAET KAUAET 07/02/2025 Current Books, Thrissur 99.50 671.25 HEI/PR 18755 Books
free website counter